[Event "DEM U18w 2016"]
[Site "Willingen GER"]
[Date "2016.05.17"]
[Round "4"]
[White "Gaßmann, Linda"]
[Black "Hund, Sarah"]
[Result "1-0"]
[Termination "normal"]
[Board "3"]
[WhiteElo "1816"]
[BlackElo "1951"]
[WhiteClock "00:20:50"]
[BlackClock "00:26:43"]
[PlyCount "95"]
[WhiteFideId "12900451"]
[BlackFideId "12923338"]
[EventCountry "GER"]
[EventRounds "9"]
[EventType "swiss"]
[EventDate "2016.05.14"]

1. d4 Nf6 2. c4 e6 3. Nf3 Bb4+ 4. Bd2 a5 5. g3 O-O 6. Bg2 d5 7. a3 Bd6 8. cxd5
exd5 9. Nc3 c6 10. O-O Bf5 11. Nh4 Be6 12. Qc2 Re8 13. e4 dxe4 14. Nxe4 Nxe4
15. Bxe4 g6 16. Bg2 Na6 17. Qc1 Be7 18. Nf3 Nc7 19. Bg5 Bxg5 20. Qxg5 Qxg5 21.
Nxg5 Bd5 22. Rfe1 Bxg2 23. Kxg2 Nb5 24. Nf3 Rad8 25. Re5 f6 26. Rxe8+ Rxe8 27.
a4 Nd6 28. Kf1 Kf7 29. Re1 Rxe1+ 30. Kxe1 Ke6 31. Ke2 Kd5 32. b3 Ne4 33. Ke3 h5
34. Nh4 g5 35. Nf5 Nd6 36. Nxd6 Kxd6 37. Ke4 Ke6 38. f4 f5+ 39. Ke3 g4 40. Ke2
Kd5 41. Ke3 b6 42. Kd3 b5 43. b4 axb4 44. a5 Kd6 45. Kc2 Kc7 46. Kb3 Kb7 47.
Kxb4 Ka7 48. d5 1-0

[Event "DEM U18w 2016"]
[Site "Willingen GER"]
[Date "2016.05.17"]
[Round "4"]
[White "Poetsch, Leonore"]
[Black "Weis, Olga"]
[Result "1/2-1/2"]
[Termination "normal"]
[Board "4"]
[WhiteElo "1829"]
[BlackElo "1902"]
[WhiteClock "01:04:19"]
[BlackClock "00:15:44"]
[PlyCount "53"]
[WhiteFideId "12940372"]
[BlackFideId "1270234"]
[EventCountry "GER"]
[EventRounds "9"]
[EventType "swiss"]
[EventDate "2016.05.14"]

1. e4 e5 2. Nf3 Nc6 3. Bc4 Bc5 4. c3 Nf6 5. d4 exd4 6. e5 d5 7. Bb5 Ne4 8. cxd4
Bb6 9. O-O O-O 10. Bxc6 bxc6 11. Be3 c5 12. Nc3 cxd4 13. Nxd4 Nxc3 14. bxc3 Ba6
15. Re1 Bxd4 16. cxd4 Rb8 17. Qg4 Rb6 18. Bg5 Rg6 19. Bxd8 Rxg4 20. Bxc7 Rxd4
21. Rad1 Rxd1 22. Rxd1 Bc4 23. a3 Rc8 24. Rb1 h6 25. Rb8 Rxb8 26. Bxb8 a6 27.
f4 1/2-1/2

[Event "DEM U18w 2016"]
[Site "Willingen GER"]
[Date "2016.05.17"]
[Round "4"]
[White "Stallknecht, Britta"]
[Black "Koch, Elisabeth"]
[Result "1/2-1/2"]
[Termination "normal"]
[Board "5"]
[WhiteElo "1769"]
[BlackElo "1705"]
[WhiteClock "00:14:12"]
[BlackClock "00:09:44"]
[PlyCount "65"]
[WhiteFideId "12987050"]
[BlackFideId "24695068"]
[EventCountry "GER"]
[EventRounds "9"]
[EventType "swiss"]
[EventDate "2016.05.14"]

1. b3 d5 2. Bb2 c5 3. e3 Nc6 4. Nf3 Nf6 5. d4 Bg4 6. dxc5 e6 7. Be2 Bxc5 8.
Nbd2 Rc8 9. O-O O-O 10. a3 Qe7 11. c4 dxc4 12. Nxc4 Rfd8 13. Qe1 Nd5 14. b4
Ncxb4 15. axb4 Bxb4 16. Qb1 Bxf3 17. gxf3 Qh4 18. Qe4 Qh3 19. Qg4 Qh6 20. Bd4
Bc3 21. Bxc3 Nxc3 22. Rfe1 f5 23. Qg3 Nxe2+ 24. Rxe2 Rxc4 25. Rxa7 Rc1+ 26. Kg2
Rb1 27. Rc2 Qg6 28. Rc7 Qxg3+ 29. hxg3 Rb8 30. Re7 Rb6 31. g4 Rb4 32. Kg3 Rb6
33. Kg2 1/2-1/2

[Event "DEM U18w 2016"]
[Site "Willingen GER"]
[Date "2016.05.17"]
[Round "4"]
[White "Zahn, Alina"]
[Black "Silber, Stefanie"]
[Result "1-0"]
[Termination "normal"]
[Board "6"]
[WhiteTitle "WFM"]
[WhiteElo "2116"]
[BlackElo "1599"]
[WhiteClock "00:15:07"]
[BlackClock "00:17:02"]
[PlyCount "67"]
[WhiteFideId "24696730"]
[BlackFideId "12918245"]
[EventCountry "GER"]
[EventRounds "9"]
[EventType "swiss"]
[EventDate "2016.05.14"]

1. e4 c6 2. Nc3 d5 3. Nf3 dxe4 4. Nxe4 Bf5 5. Ng3 Bg6 6. h4 h6 7. Ne5 Qd6 8.
Nxg6 Qxg6 9. d4 Qd6 10. c3 Nf6 11. Bc4 e6 12. Qb3 b5 13. Be2 Nbd7 14. O-O Be7
15. a4 b4 16. Bf3 bxc3 17. bxc3 O-O 18. Ba3 c5 19. Bxa8 Rxa8 20. Qb7 Qb8 21.
Rab1 Qxb7 22. Rxb7 Kf8 23. Rd1 Ke8 24. c4 Nb6 25. Bxc5 Bxc5 26. dxc5 Nxc4 27.
Rb4 Ne5 28. Ne4 Nd5 29. Nd6+ Ke7 30. Rb7+ Kf6 31. f4 Nc6 32. Rxf7+ Kg6 33. f5+
exf5 34. Rxd5 1-0

[Event "DEM U18w 2016"]
[Site "Willingen GER"]
[Date "2016.05.17"]
[Round "4"]
[White "Möller, Hannah"]
[Black "Bork, Sophie"]
[Result "0-1"]
[Termination "normal"]
[Board "8"]
[WhiteElo "1735"]
[BlackElo "1735"]
[PlyCount "78"]
[WhiteFideId "1270514"]
[BlackFideId "12905429"]
[EventCountry "GER"]
[EventRounds "9"]
[EventType "swiss"]
[EventDate "2016.05.14"]

1. Nf3 d5 2. g3 Nc6 3. d4 Bg4 4. Bg2 f6 5. O-O e5 6. dxe5 fxe5 7. Nc3 d4 8. Ne4
Nf6 9. Bg5 Be7 10. Nxf6+ gxf6 11. Bh6 Qd7 12. Re1 Rg8 13. Qd3 Rg6 14. Bd2 f5
15. Qb5 e4 16. Ne5 Nxe5 17. Qxe5 O-O-O 18. c3 Bf6 19. Qa5 Kb8 20. Rac1 b6 21.
Qa6 Be5 22. cxd4 Qxd4 23. Bc3 Qd6 24. Bxe5 Qxe5 25. Rc2 Rgd6 26. b4 Rd1 27. Rc1
Rxe1+ 28. Rxe1 Qc3 29. Kf1 Qxb4 30. f3 Bh5 31. Rc1 Bf7 32. a3 Qd2 33. Re1 Bd5
34. Qb5 Kb7 35. Qb1 exf3 36. exf3 Bc4+ 37. Kg1 f4 38. gxf4 Rg8 39. Qe4+ Kb8 0-1

[Event "DEM U18w 2016"]
[Site "Willingen GER"]
[Date "2016.05.17"]
[Round "4"]
[White "Schumann, Rabea"]
[Black "Schulz, Theresa Charlotte"]
[Result "1/2-1/2"]
[Termination "normal"]
[Board "9"]
[WhiteElo "1878"]
[BlackElo "1687"]
[PlyCount "63"]
[WhiteFideId "12918199"]
[BlackFideId "12952206"]
[EventCountry "GER"]
[EventRounds "9"]
[EventType "swiss"]
[EventDate "2016.05.14"]

1. c4 f5 2. g3 Nf6 3. Bg2 e6 4. Nf3 d5 5. O-O Bd6 6. cxd5 exd5 7. e3 c6 8. Nc3
O-O 9. b3 Na6 10. d3 Qe8 11. Bb2 Qh5 12. Nd4 Qh6 13. e4 fxe4 14. dxe4 Ng4 15.
h3 Bxg3 16. fxg3 Qe3+ 17. Kh1 Nf2+ 18. Rxf2 Rxf2 19. Qg1 Qxg3 20. Nd1 Rf7 21.
exd5 Bxh3 22. dxc6 Bxg2+ 23. Qxg2 Qh4+ 24. Kg1 Qe1+ 25. Kh2 Rf6 26. Nf5 Rg6 27.
Qd5+ Kh8 28. Bxg7+ Rxg7 29. Nxg7 Qe2+ 30. Kh1 Qf1+ 31. Kh2 Qe2+ 32. Kh1 1/2-1/2

[Event "DEM U18w 2016"]
[Site "Willingen GER"]
[Date "2016.05.17"]
[Round "4"]
[White "Klenk, Sofie"]
[Black "Krastina, Alma"]
[Result "1-0"]
[Termination "normal"]
[Board "10"]
[WhiteElo "1810"]
[BlackElo "1631"]
[PlyCount "91"]
[WhiteFideId "12996653"]
[BlackFideId "16222105"]
[EventCountry "GER"]
[EventRounds "9"]
[EventType "swiss"]
[EventDate "2016.05.14"]

{<<<<<<<  mine} 1. e4 1... g6 2. d4 Bg7 3. Nc3 d6 4. h3 a6 5. a4 h5 6. Nf3 Nd7
7. Be3 b6 8. Bc4 Bb7 9. Bxf7+ Kxf7 10. Ng5+ Ke8 11. Ne6 Qc8 12. Nxg7+ Kf7 13.
d5 Kxg7 14. Bd4+ Ngf6 15. g4 hxg4 16. Qxg4 Ne5 17. Qg2 c5 18. dxc6 Bxc6 19. f4
Nc4 20. b3 e5 21. Bf2 Nxe4 22. Nxe4 Qf5 23. Nxd6 Bxg2 24. Nxf5+ Kf6 25. Rg1
Bxh3 26. Nh4 Ne3 27. fxe5+ Kxe5 28. Nxg6+ Ke4 29. Bxe3 Kxe3 30. Nxh8 Rxh8 31.
Rd1 Bf5 32. Rg3+ Kf4 33. Rc3 Bg4 34. Rd6 Rh1+ 35. Kf2 Rh2+ 36. Kg1 Re2 37. Rxb6
Bf5 38. Rb4+ Kg5 39. Rc5 Rxc2 40. Rxc2 Bxc2 41. Kf2 Bd3 42. Ke3 Bf1 43. Kd4 Kf6
44. Kc5 Ke7 45. Kb6 Kd7 46. Kb7 1-0

[Event "DEM U18w 2016"]
[Site "Willingen GER"]
[Date "2016.05.17"]
[Round "4"]
[White "Cejda, Cecilia"]
[Black "Shirov-Michna, Masza"]
[Result "1/2-1/2"]
[Termination "normal"]
[Board "11"]
[WhiteElo "1635"]
[BlackElo "1320"]
[PlyCount "122"]
[WhiteFideId "12921122"]
[BlackFideId "12921998"]
[EventCountry "GER"]
[EventRounds "9"]
[EventType "swiss"]
[EventDate "2016.05.14"]

1. e4 e6 2. d4 d5 3. Nd2 Nc6 4. Ngf3 Nf6 5. Bd3 dxe4 6. Nxe4 Be7 7. c3 O-O 8.
Qe2 Nxe4 9. Qxe4 f5 10. Qe2 Qe8 11. Bd2 a5 12. O-O-O Bd7 13. h3 h6 14. g4 a4
15. gxf5 exf5 16. Bc4+ Kh7 17. Rdg1 Bf6 18. Qf1 Na5 19. Bd3 Qf7 20. Qg2 Rg8 21.
Bb1 Ra6 22. Be3 Nc4 23. d5 Rd6 24. Nd2 Nxd2 25. Bxd2 Rxd5 26. a3 Rb5 27. f3 g6
28. Rh2 Qb3 29. Bf4 Rc5 30. Qd2 Rd5 31. Qc2 Qxc2+ 32. Bxc2 Be5 33. Bxe5 Rxe5
34. Rd2 Bc6 35. Rd4 Bxf3 36. Bxa4 c6 37. Bb3 Rg7 38. Rd3 Be4 39. Re3 Rge7 40.
Reg3 f4 41. Rg4 f3 42. Rf1 Rf5 43. Rxe4 Rxe4 44. Bc2 Ref4 45. Bxf5 gxf5 46. Kd2
Kg6 47. Ke3 Rh4 48. Rxf3 Re4+ 49. Kf2 f4 50. Rd3 Re7 51. Rd6+ Kg5 52. h4+ Kxh4
53. Rxh6+ Kg4 54. Rg6+ Kf5 55. Rg8 Ke4 56. Rd8 Rh7 57. Rd4+ Kf5 58. Kg2 Rg7+
59. Kf2 Kg4 60. b4 Re7 61. Rd3 b5 1/2-1/2

[Event "DEM U18w 2016"]
[Site "Willingen GER"]
[Date "2016.05.17"]
[Round "4"]
[White "Graf, Pia"]
[Black "Rösler, Hannah"]
[Result "1-0"]
[Termination "normal"]
[Board "12"]
[WhiteElo "1744"]
[BlackElo "1400"]
[PlyCount "79"]
[WhiteFideId "12917737"]
[BlackFideId "12983500"]
[EventCountry "GER"]
[EventRounds "9"]
[EventType "swiss"]
[EventDate "2016.05.14"]

1. e4 c5 2. c3 Nf6 3. e5 Nd5 4. Bc4 Nb6 5. Bb3 Nc6 6. Nf3 d5 7. exd6 Qxd6 8. d4
cxd4 9. Nxd4 e5 10. Nxc6 Qxc6 11. O-O Bc5 12. Qh5 Qc7 13. Re1 Bd6 14. Bf4 O-O
15. Bg3 Nd7 16. Nd2 Nf6 17. Qh4 b6 18. Nc4 Re8 19. Nxd6 Qxd6 20. Rad1 Qc5 21.
Bxe5 Ng4 22. Bd4 Qc6 23. Rxe8+ Qxe8 24. Bxg7 Bb7 25. Qxg4 Bc8 26. Bxf7+ Kxf7
27. Qh5+ Ke7 28. Re1+ Kd8 29. Qxe8+ Kc7 30. Be5+ Kb7 31. Qf7+ Ka6 32. Qc4+ Kb7
33. Qd5+ Ka6 34. a4 Bd7 35. Qxa8 Bxa4 36. Bb8 Kb5 37. Qd5+ Ka6 38. Re7 b5 39.
Qc6+ Ka5 40. Bc7# 1-0

[Event "DEM U18w 2016"]
[Site "Willingen GER"]
[Date "2016.05.17"]
[Round "4"]
[White "Döpper, Anna Bérénice"]
[Black "Holschuh, Paulina"]
[Result "1-0"]
[Termination "normal"]
[Board "13"]
[WhiteElo "1821"]
[BlackElo "1042"]
[PlyCount "43"]
[WhiteFideId "1271853"]
[BlackFideId "16208552"]
[EventCountry "GER"]
[EventRounds "9"]
[EventType "swiss"]
[EventDate "2016.05.14"]

1. e4 e5 2. Nf3 Nc6 3. Bb5 Nf6 4. O-O Bc5 5. c3 O-O 6. d4 exd4 7. cxd4 Bb4 8.
a3 Ba5 9. b4 Bb6 10. e5 Nd5 11. Bc4 Nde7 12. d5 Nb8 13. d6 cxd6 14. exd6 Nf5
15. Bg5 Ne3 16. fxe3 Qe8 17. Be7 Bxe3+ 18. Kh1 Nc6 19. Bxf8 Qxf8 20. Nc3 b6 21.
b5 Nb8 22. Bd5 1-0

[Event "DEM U18w 2016"]
[Site "Willingen GER"]
[Date "2016.05.17"]
[Round "5"]
[White "Morio, Estelle"]
[Black "Rosmait, Emily"]
[Result "0-1"]
[Termination "normal"]
[Board "1"]
[WhiteElo "1801"]
[BlackElo "1915"]
[WhiteClock "00:11:30"]
[BlackClock "00:12:53"]
[PlyCount "94"]
[WhiteFideId "12951951"]
[BlackFideId "12937754"]
[EventCountry "GER"]
[EventRounds "9"]
[EventType "swiss"]
[EventDate "2016.05.14"]

1. Nf3 Nf6 2. g3 d5 3. Bg2 g6 4. O-O Bg7 5. d3 O-O 6. Nbd2 c5 7. e4 Nc6 8. Re1
e5 9. exd5 Nxd5 10. Ne4 b6 11. h3 Bb7 12. Bg5 f6 13. Bd2 Qd7 14. Qc1 Rfe8 15.
Nh2 Re7 16. a3 Rae8 17. Bh6 Bh8 18. Qd1 Bg7 19. Qd2 f5 20. Bxg7 Kxg7 21. Nc3
Nf6 22. Nf3 Nd4 23. Nxd4 cxd4 24. Ne2 Bxg2 25. Kxg2 Rd8 26. Rad1 Qc6+ 27. Kh2
Rc7 28. Rc1 Qf3 29. Ng1 Qd5 30. Ne2 Re7 31. Rcd1 h5 32. Qb4 Rdd7 33. Qd2 h4 34.
gxh4 Qf3 35. Ng3 f4 36. Ne4 Qh5 37. Nxf6 Kxf6 38. Rg1 Qxh4 39. Rg4 Qh5 40. Qe2
Rh7 41. Qf3 Rc7 42. Rd2 Qf5 43. Re2 g5 44. Kg2 Qe6 45. b3 Qc6 46. Qxc6+ Rxc6
47. Rd2 Rhc7 0-1

[Event "DEM U18w 2016"]
[Site "Willingen GER"]
[Date "2016.05.17"]
[Round "5"]
[White "Böhm, Jana"]
[Black "Gaßmann, Linda"]
[Result "0-1"]
[Termination "normal"]
[Board "2"]
[WhiteElo "1927"]
[BlackElo "1816"]
[WhiteClock "00:04:02"]
[BlackClock "00:04:46"]
[PlyCount "62"]
[WhiteFideId "24661589"]
[BlackFideId "12900451"]
[EventCountry "GER"]
[EventRounds "9"]
[EventType "swiss"]
[EventDate "2016.05.14"]

1. e4 c5 2. Nf3 Nc6 3. d4 cxd4 4. Nxd4 g6 5. Nc3 Bg7 6. Be3 d6 7. Qd2 Nf6 8. f3
O-O 9. Bc4 Bd7 10. O-O-O Rc8 11. Bb3 a6 12. h4 h5 13. g4 Qa5 14. gxh5 Nxh5 15.
Rhg1 Kh7 16. Rg5 b5 17. Nf5 Bxf5 18. exf5 Ne5 19. Bxf7 Nxf7 20. fxg6+ Kg8 21.
gxf7+ Kxf7 22. Qd3 Ke8 23. Qg6+ Kd7 24. Rxh5 Bxc3 25. bxc3 Qxc3 26. Qd3 Qa5 27.
Qb3 Rxf3 28. Bb6 Rxb3 29. Bxa5 Ra3 30. Bb4 Rxa2 31. Rc5 Ra1+ 0-1

[Event "DEM U18w 2016"]
[Site "Willingen GER"]
[Date "2016.05.17"]
[Round "5"]
[White "Koch, Elisabeth"]
[Black "Zahn, Alina"]
[Result "1/2-1/2"]
[Termination "normal"]
[Board "3"]
[BlackTitle "WFM"]
[WhiteElo "1705"]
[BlackElo "2116"]
[WhiteClock "00:17:10"]
[BlackClock "00:17:15"]
[PlyCount "130"]
[WhiteFideId "24695068"]
[BlackFideId "24696730"]
[EventCountry "GER"]
[EventRounds "9"]
[EventType "swiss"]
[EventDate "2016.05.14"]

1. e4 e5 2. Nf3 Nc6 3. Bc4 Bc5 4. c3 Nf6 5. d3 a6 6. Bb3 Ba7 7. Nbd2 d6 8. O-O
O-O 9. h3 Nd7 10. Re1 Kh8 11. Nf1 Nc5 12. Bc2 f5 13. Ne3 f4 14. Nd5 Ne6 15. b3
Nb8 16. d4 Nd7 17. Bb2 a5 18. dxe5 Nxe5 19. c4 c6 20. Nxe5 dxe5 21. Bxe5 Qg5
22. Bd6 f3 23. g3 cxd5 24. exd5 Nd4 25. Bxf8 Nxc2 26. Qxf3 Nxe1 27. Rxe1 Bxh3
28. Re7 Bd4 29. Rxb7 Re8 30. Be7 Qc1+ 31. Kh2 Qh6 32. Bh4 Bc8 33. Qf7 Rg8 34.
Re7 g5 35. Re8 Rxe8 36. Qxe8+ Kg7 37. Qe7+ Kg6 38. Qe4+ Bf5 39. Qxd4 gxh4 40.
gxh4 Kf7 41. Kg3 Qg6+ 42. Kf3 Qg1 43. Qa7+ Kf6 44. Qb6+ Kf7 45. Qc7+ Kf6 46.
Qd6+ Kf7 47. Qf4 Qd1+ 48. Kg2 Qd3 49. Qf3 Qc2 50. d6 Ke6 51. Qd5+ Kd7 52. Kf3
Be6 53. Qxa5 Qd3+ 54. Kg2 Qh3+ 55. Kg1 Qg4+ 56. Kf1 Qd1+ 57. Kg2 Qg4+ 58. Kh1
Qxh4+ 59. Kg1 Qg4+ 60. Kf1 Qd1+ 61. Kg2 Qg4+ 62. Kh1 Qh4+ 63. Kg1 Qg4+ 64. Kh2
Qh4+ 65. Kg2 Qg4+ 1/2-1/2

[Event "DEM U18w 2016"]
[Site "Willingen GER"]
[Date "2016.05.17"]
[Round "5"]
[White "Weis, Olga"]
[Black "Wiesner, Paula"]
[Result "1-0"]
[Termination "normal"]
[Board "4"]
[WhiteElo "1902"]
[BlackElo "2116"]
[WhiteClock "00:32:43"]
[BlackClock "01:07:22"]
[PlyCount "89"]
[WhiteFideId "1270234"]
[BlackFideId "24654019"]
[EventCountry "GER"]
[EventRounds "9"]
[EventType "swiss"]
[EventDate "2016.05.14"]

1. e4 e6 2. d4 d5 3. exd5 exd5 4. Nf3 Nf6 5. Bg5 Be7 6. Bd3 O-O 7. O-O Bg4 8.
Nbd2 h6 9. Bh4 Nbd7 10. Re1 c5 11. dxc5 Nxc5 12. Qe2 Bd6 13. Qe3 Ne6 14. Bxf6
Qxf6 15. Ne5 Qh4 16. Qg3 Qxg3 17. hxg3 Bh5 18. g4 Bxe5 19. Rxe5 Bxg4 20. f3 f6
21. Ree1 Bxf3 22. Nxf3 Nf4 23. Bf5 g6 24. Be6+ Kg7 25. g3 Nxe6 26. Rxe6 Rae8
27. Rae1 Rxe6 28. Rxe6 f5 29. Ne5 g5 30. Rg6+ Kh7 31. Rd6 h5 32. Rd7+ Kh6 33.
Rxb7 f4 34. gxf4 Rxf4 35. Rxa7 g4 36. a4 h4 37. a5 g3 38. Ra8 Kg5 39. a6 h3 40.
Rg8+ Kf5 41. Rf8+ Kxe5 42. Rxf4 Kxf4 43. a7 g2 44. a8=Q Kg3 45. Qb8+ 1-0

[Event "DEM U18w 2016"]
[Site "Willingen GER"]
[Date "2016.05.17"]
[Round "5"]
[White "Bork, Sophie"]
[Black "Poetsch, Leonore"]
[Result "1/2-1/2"]
[Termination "normal"]
[Board "5"]
[WhiteElo "1735"]
[BlackElo "1829"]
[WhiteClock "00:14:02"]
[BlackClock "00:20:54"]
[PlyCount "70"]
[WhiteFideId "12905429"]
[BlackFideId "12940372"]
[EventCountry "GER"]
[EventRounds "9"]
[EventType "swiss"]
[EventDate "2016.05.14"]

1. e4 e6 2. d4 d5 3. Nd2 Nf6 4. e5 Nfd7 5. Bd3 c5 6. c3 Nc6 7. Ne2 cxd4 8. cxd4
f6 9. exf6 Nxf6 10. Nf3 Qc7 11. Bf4 Bb4+ 12. Nd2 Qb6 13. a3 Be7 14. Nb3 O-O 15.
O-O Bd7 16. Rc1 Rac8 17. Bb1 Na5 18. Nxa5 Qxa5 19. Bd2 Qa6 20. Bc3 Bd6 21. f3
Rfe8 22. Re1 Bb5 23. Qd2 Bc4 24. Nf4 Bc7 25. Kh1 Qd6 26. g3 Qd7 27. Kg2 Qf7 28.
Nh3 h6 29. Nf4 Nh5 30. Ng6 Ba2 31. Ne5 Bxe5 32. Rxe5 Bxb1 33. Rxb1 Nf6 34. Rbe1
Nd7 35. R5e3 Nb6 1/2-1/2

[Event "DEM U18w 2016"]
[Site "Willingen GER"]
[Date "2016.05.17"]
[Round "5"]
[White "Brandl, Lea Maria"]
[Black "Schumann, Rabea"]
[Result "1/2-1/2"]
[Termination "normal"]
[Board "6"]
[WhiteElo "1927"]
[BlackElo "1878"]
[WhiteClock "00:15:36"]
[BlackClock "00:15:12"]
[PlyCount "53"]
[WhiteFideId "24693049"]
[BlackFideId "12918199"]
[EventCountry "GER"]
[EventRounds "9"]
[EventType "swiss"]
[EventDate "2016.05.14"]

1. d4 d5 2. c4 e6 3. Nc3 Be7 4. Nf3 Nf6 5. Bf4 O-O 6. e3 Nbd7 7. Be2 dxc4 8.
Bxc4 c5 9. dxc5 Nxc5 10. Qe2 Bd7 11. O-O Qb6 12. Rfd1 Rfd8 13. a3 a6 14. Rac1
Bc6 15. Ne5 Rxd1+ 16. Rxd1 Nce4 17. Nxc6 Qxc6 18. Nxe4 Nxe4 19. Bd3 Rd8 20. h3
Nc5 21. Bb1 Rxd1+ 22. Qxd1 g6 23. Be5 Nd7 24. Bf4 Bf6 25. b3 Be5 26. Bxe5 Nxe5
27. a4 1/2-1/2

[Event "DEM U18w 2016"]
[Site "Willingen GER"]
[Date "2016.05.17"]
[Round "5"]
[White "Hund, Sarah"]
[Black "Stallknecht, Britta"]
[Result "1/2-1/2"]
[Termination "normal"]
[Board "7"]
[WhiteElo "1951"]
[BlackElo "1769"]
[PlyCount "59"]
[WhiteFideId "12923338"]
[BlackFideId "12987050"]
[EventCountry "GER"]
[EventRounds "9"]
[EventType "swiss"]
[EventDate "2016.05.14"]

1. e4 c5 2. Nc3 Nc6 3. f4 e6 4. Nf3 Nge7 5. d4 cxd4 6. Nxd4 g6 7. Be3 Bg7 8.
Ndb5 O-O 9. Nd6 Bxc3+ 10. bxc3 f5 11. e5 Nd5 12. Bd2 b6 13. Bc4 Nc7 14. Bc1 Ne8
15. Nb5 Bb7 16. Ba3 Rf7 17. O-O a6 18. Nd4 Nc7 19. Rf2 Nxd4 20. cxd4 Nd5 21.
Bb3 b5 22. c4 bxc4 23. Bxc4 Ne3 24. Qb3 Nxc4 25. Qxc4 Bc6 26. Rc1 Kh8 27. Rc3
Rg7 28. Qc5 Rg8 29. Rb2 Re8 30. Rc1 1/2-1/2

[Event "DEM U18w 2016"]
[Site "Willingen GER"]
[Date "2016.05.17"]
[Round "5"]
[White "Schulz, Theresa Charlotte"]
[Black "Graf, Pia"]
[Result "1-0"]
[Termination "normal"]
[Board "8"]
[WhiteElo "1687"]
[BlackElo "1744"]
[PlyCount "115"]
[WhiteFideId "12952206"]
[BlackFideId "12917737"]
[EventCountry "GER"]
[EventRounds "9"]
[EventType "swiss"]
[EventDate "2016.05.14"]

1. d4 f5 2. g4 fxg4 3. h3 Nf6 4. hxg4 Nxg4 5. Qd3 e6 6. Rxh7 Rxh7 7. Qg6+ Ke7
8. Qxh7 d6 9. Bg5+ Nf6 10. Nf3 Kd7 11. Qh8 c6 12. Nbd2 Kc7 13. e4 Qe8 14. Bxf6
gxf6 15. Qxf6 Nd7 16. Qf4 Nb6 17. c4 Kd8 18. O-O-O Bd7 19. e5 Kc7 20. Qe3 Qe7
21. exd6+ Qxd6 22. c5 Qd5 23. cxb6+ axb6 24. Bc4 Qh5 25. Qe5+ Qxe5 26. dxe5 Bh6
27. Kc2 b5 28. Bb3 c5 29. a3 Rf8 30. Rf1 Bc6 31. Ne1 c4 32. Ba2 Rd8 33. f4 Rf8
34. b3 Rxf4 35. bxc4 bxc4 36. Bxc4 Rxf1 37. Bxf1 Bf4 38. Nd3 Bg3 39. Bh3 Bd5
40. Kc3 Bh4 41. Nf4 Be7 42. Nxe6+ Bxe6 43. Bxe6 Bxa3 44. Nc4 Bc1 45. Bf7 Bg5
46. e6 b5 47. Ne3 Kd6 48. Nf5+ Ke5 49. Nd4 b4+ 50. Kc4 b3 51. Nxb3 Kd6 52. Nc5
Bh4 53. Nd7 Be7 54. Kd4 Bg5 55. Ke4 Ke7 56. Kf5 Bh4 57. Ne5 Be1 58. Ng6+ 1-0

[Event "DEM U18w 2016"]
[Site "Willingen GER"]
[Date "2016.05.17"]
[Round "5"]
[White "Silber, Stefanie"]
[Black "Klenk, Sofie"]
[Result "0-1"]
[Termination "normal"]
[Board "9"]
[WhiteElo "1599"]
[BlackElo "1810"]
[PlyCount "120"]
[WhiteFideId "12918245"]
[BlackFideId "12996653"]
[EventCountry "GER"]
[EventRounds "9"]
[EventType "swiss"]
[EventDate "2016.05.14"]

1. e4 c5 2. Nf3 e6 3. d4 cxd4 4. Nxd4 a6 5. c4 Nf6 6. e5 Qa5+ 7. Nc3 Qxe5+ 8.
Be2 Bb4 9. Qb3 Nc6 10. Be3 O-O 11. O-O Be7 12. Rfd1 Qc7 13. Rac1 Nxd4 14. Bxd4
d6 15. Na4 Bd7 16. Nb6 Rad8 17. Qg3 Qb8 18. Be3 Bc6 19. Bh6 Ne8 20. a4 a5 21.
Be3 Nf6 22. Bh6 Ne8 23. Be3 Bf6 24. b3 Be5 25. Bf4 Bxf4 26. Qxf4 Qc7 27. Qe3
Nf6 28. f3 Nd7 29. Nxd7 Rxd7 30. c5 dxc5 31. Qxc5 Rfd8 32. Rxd7 Rxd7 33. Rc2
Qd8 34. Kf2 Bd5 35. Rc3 b6 36. Qc8 Kf8 37. Qxd8+ Rxd8 38. Ke3 Ke7 39. Bc4 Bb7
40. Bb5 Kd6 41. Rd3+ Bd5 42. Rc3 Rb8 43. Bc4 Rc8 44. Kd4 e5+ 45. Kd3 Bxc4+ 46.
bxc4 Kc5 47. Rb3 Rd8+ 48. Kc3 f6 49. Rb5+ Kc6 50. Rb1 Rd4 51. g3 g5 52. h3 h6
53. Rb2 h5 54. Rb1 h4 55. Rb2 hxg3 56. Rg2 Kc5 57. Rxg3 Rxc4+ 58. Kb3 Rf4 59.
Ka3 Kd4 60. Kb3 Ke3 0-1

[Event "DEM U18w 2016"]
[Site "Willingen GER"]
[Date "2016.05.17"]
[Round "5"]
[White "Shirov-Michna, Masza"]
[Black "Möller, Hannah"]
[Result "0-1"]
[Termination "normal"]
[Board "10"]
[WhiteElo "1320"]
[BlackElo "1735"]
[PlyCount "68"]
[WhiteFideId "12921998"]
[BlackFideId "1270514"]
[EventCountry "GER"]
[EventRounds "9"]
[EventType "swiss"]
[EventDate "2016.05.14"]

1. f4 g6 2. Nf3 Bg7 3. g3 Nf6 4. Bg2 O-O 5. d3 d5 6. c3 c5 7. Nbd2 Ng4 8. Nb3
Qb6 9. h3 Nf6 10. Ne5 Nc6 11. Nxc6 Qxc6 12. Qc2 Qd6 13. e4 dxe4 14. dxe4 Nh5
15. e5 Bxe5 16. Qf2 Rd8 17. O-O Bg7 18. Nxc5 Rb8 19. Ne4 Qa6 20. Be3 b6 21. g4
Nf6 22. Nxf6+ Bxf6 23. Qg3 Bb7 24. Bxb7 Rxb7 25. g5 Bg7 26. f5 Qb5 27. f6 Bf8
28. fxe7 Rxe7 29. Qf2 Rde8 30. Bd4 Qxg5+ 31. Kh2 Re2 32. c4 Rxf2+ 33. Rxf2 Bc5
34. Rg2 Qf4+ 0-1

[Event "DEM U18w 2016"]
[Site "Willingen GER"]
[Date "2016.05.17"]
[Round "5"]
[White "Cejda, Cecilia"]
[Black "Eggert, Daniela"]
[Result "1-0"]
[Termination "normal"]
[Board "11"]
[WhiteElo "1635"]
[BlackElo "1688"]
[PlyCount "57"]
[WhiteFideId "12921122"]
[BlackFideId "12991490"]
[EventCountry "GER"]
[EventRounds "9"]
[EventType "swiss"]
[EventDate "2016.05.14"]

1. e4 g6 2. d4 Bg7 3. Nc3 d6 4. Be3 a6 5. Qd2 b5 6. h4 h5 7. Nh3 Nd7 8. O-O-O
Ngf6 9. f3 O-O 10. e5 b4 11. Ne2 Nd5 12. Bh6 a5 13. Bxg7 Kxg7 14. Nef4 N7b6 15.
Nxh5+ Kh7 16. c4 bxc3 17. bxc3 Na4 18. Ng5+ Kg8 19. Ne6 fxe6 20. Qh6 Rf7 21.
Qxg6+ Kf8 22. Qh6+ Ke8 23. Bb5+ Bd7 24. Qh8+ Rf8 25. Ng7+ Kf7 26. Qh5+ Kxg7 27.
Rh3 Rg8 28. Rg3+ Kf8 29. Qh6+ 1-0

[Event "DEM U18w 2016"]
[Site "Willingen GER"]
[Date "2016.05.17"]
[Round "5"]
[White "Krastina, Alma"]
[Black "Döpper, Anna Bérénice"]
[Result "0-1"]
[Termination "normal"]
[Board "12"]
[WhiteElo "1631"]
[BlackElo "1821"]
[PlyCount "84"]
[WhiteFideId "16222105"]
[BlackFideId "1271853"]
[EventCountry "GER"]
[EventRounds "9"]
[EventType "swiss"]
[EventDate "2016.05.14"]

1. e4 e6 2. d3 c5 3. g3 g6 4. Bg2 Bg7 5. Nd2 Ne7 6. Ngf3 d6 7. O-O O-O 8. Re1
Nbc6 9. c3 e5 10. h4 f5 11. Ng5 f4 12. Qb3+ Kh8 13. Nf7+ Rxf7 14. Qxf7 Qd7 15.
Nf3 d5 16. Bh3 Qc7 17. Bxc8 Rxc8 18. Qe6 Rf8 19. Qg4 Ng8 20. Ng5 Nh6 21. Qh3
dxe4 22. dxe4 Rd8 23. h5 Bf6 24. Nf3 g5 25. g4 Rd3 26. Qg2 b5 27. Nh2 b4 28.
Qf1 Qd7 29. c4 Nxg4 30. f3 Qd4+ 31. Kg2 Nxh2 32. Kxh2 Qxc4 33. Rd1 Qc2+ 34. Bd2
Rxd2+ 35. Rxd2 Qxd2+ 36. Kg1 Nd4 37. Qh3 Qe3+ 38. Kh2 Qf2+ 39. Kh1 Qxf3+ 40.
Qg2 Qxg2+ 41. Kxg2 Bd8 42. h6 Kg8 0-1